Der Mann in der Zeichnung

Saved in:
Bibliografiske detaljer
Hovedforfatter: Autori Vari
Format: Bog
Sprog:engelsk
Tags: Tilføj Tag
Ingen Tags, Vær først til at tagge denne postø!

MARC

LEADER 00000nam a2200000 4500
005 20240724171424.0
008 240724b |||||||| |||| 00| 0 eng d
040 |c GP 
100 |a Autori Vari 
245 |a Der Mann in der Zeichnung 
942 |2 ddc  |c BK  |n 0 
952 |0 0  |1 0  |2 ddc  |4 0  |6 810_740000000000000_VAR  |7 1  |9 1706  |a RM  |b RM  |d 2024-07-24  |l 0  |o 810.740 VAR  |p 465  |r 2024-07-24 17:14:44  |w 2024-07-24  |y BK 
999 |c 1519  |d 1519